Регионална библиотека "Любен Каравелов" - Русе

Приказки за Настрадин Ходжа (Запис номер 73607)

MARC детайли
000 -Лидер
Контролно поле с фиксирана дължина 01161nam a2200301 c 4500
003 - Код на организацията, давaща контролен номер
Контролно поле BLK
005 - Дата и час на последна редакция
Контролно поле 20220328174955.0
008 - Елементи от данни с фиксирана дължина
fixed length control field 180408b bul|||||r ||||||| ||bul||
010 ## - Наследен системен номер
LC control number KNG00078002000
020 ## - Международен стандартен номер на книга ISBN
Международен стандартен номер на книга ISBN 954-527-269-4
-- издат.: Дамян Яков
040 ## - Източник на каталожния запис
Идентификатор на билиотеката - собственик на записа BLK
041 ## - Код за език
Код за езика на текст/звукозапис или на отделно заглавие Български
Код за езика КДБФ Български
080 ## - УДК
Текстов определител УДК Българска литература
УДК код - определител по УДК 821.163.2
УДК определител -36
УДК - код + определител 821.163.2-36
139 ## - Редно поле
Редна дума Приказки за Настрадин Ходжа
Авторски знак При - П 87
245 10 - Сведения за заглавието
Заглавие Приказки за Настрадин Ходжа
Редно поле (дума) * Алиихсан Шериф Иззет; състав. Али Исхан Иззет; худож. Милен Калъчев.
257 ## - Страна на издаване
Страна на създаване/издаване България
260 ## - Област на издателските данни
-- София
Име на издателя, разпространителя и проч. Дамян Яков
Година на издаване 2005
Печатница София : Симолини 94
300 ## - Физическа характеристика
Страници 208 с.
Илюстрации и др. с ил.
Размери/Мащаб 22 см
380 ## - Жанр
Жанр Детска худож. лит.
700 1# - Други автори (авторска отговорност)
Лично име Иззет, Алиихсан Шериф
Автороска отговорност (Описва отношението между автора и произведението) *
9 (RLIN) 296474
700 1# - Други автори (авторска отговорност)
Лично име Иззет, Али Исхан
Автороска отговорност (Описва отношението между автора и произведението) състав.
9 (RLIN) 296475
700 1# - Други автори (авторска отговорност)
Лично име Калъчев, Милен
Автороска отговорност (Описва отношението между автора и произведението) худож.
9 (RLIN) 368100
852 ## - Местоположение
Форматна сигнатура Цб 235859
856 4# - Електронен адрес и достъп
Електронен формат pdf - файл
Път до файла /url/
856 4# - Електронен адрес и достъп
Електронен формат pdf - файл
Път до файла /url/
942 ## - АРТИКУЛИ
Вид на библиотечния материал Книги
Скрит в OPAC Не
Koha issues (borrowed), all copies 5
944 ## - СЪЗДАВАНЕ И РЕДАКЦИЯ на ЗАПИСА
Създаване/Редакция Създаване
Дата на регистрацията/редакция 30.08.2007
Служител, извършил регистрацията/редакцията Цветанка_Енчева
944 ## - СЪЗДАВАНЕ И РЕДАКЦИЯ на ЗАПИСА
Създаване/Редакция Редакция
Дата на регистрацията/редакция 01.10.2008
Служител, извършил регистрацията/редакцията
999 ## - СИСТЕМНИ КОНТРОЛНИ НОМЕРА
Koha biblionumber 73607
Koha biblioitemnumber 73607
Наличности
Код за отписване Код за изгубен артикул Код за повреда Коз за рестрикции Код за отдаване Артикулен № Име на библиотеката - собственик Име на библиотеката, в която се намира в момента Статус (Текущо местоположение) Дата на вписване в системата Местоположение - отдел Цена в лева Инвентарен номер Систематично азбучна сигнатура Баркод Номер на екземпляра Цена в евро Служебна бележка Служебен тип на артикула
  Не е изгубен Не е повреден без рестрикции ползва се в читалня 119616 Регионална библиотека "Любен Каравелов" Русе Регионална библиотека "Любен Каравелов" Русе Хранилище 2007-08-30 Хранилище 5.20 120000717324 Цб 235859 120000717324 1 2.66 Дост: Dp Вид: Д N: 19 Дата: 19.04.2007 Книги
  Не е изгубен Не е повреден без рестрикции заемане за дома 119617 Регионална библиотека "Любен Каравелов" Русе Регионална библиотека "Любен Каравелов" Русе Детски отдел 2008-09-25 Детски отдел 5.20 120000729460 ДХ 886.7/П 87 120000729460 2 2.66 Дост: Pk Вид: Ф N: 8933 Дата: 24.09.2008 Дата инв: 12.08.2015 Бележки инв: Д2015 Книги
  Не е изгубен Не е повреден без рестрикции заемане за дома 119618 Регионална библиотека "Любен Каравелов" Русе Регионална библиотека "Любен Каравелов" Русе Детски отдел 2008-09-25 Детски отдел 5.20 120000729461 ДХ 886.7/П 87 120000729461 3 2.66 Дост: Pk Вид: Ф N: 8933 Дата: 24.09.2008 Дата инв: 12.08.2015 Бележки инв: Д2015 Книги
  Не е изгубен Не е повреден без рестрикции заемане за дома 119619 Регионална библиотека "Любен Каравелов" Русе Регионална библиотека "Любен Каравелов" Русе Детски отдел 2008-09-25 Детски отдел 5.20 120000729462 ДХ 886.7/П 87 120000729462 4 2.66 Дост: Pk Вид: Ф N: 8933 Дата: 24.09.2008 Дата инв: 12.08.2015 Бележки инв: Д2015 Книги
  Не е изгубен Не е повреден без рестрикции заемане за дома 119620 Регионална библиотека "Любен Каравелов" Русе Регионална библиотека "Любен Каравелов" Русе Детски отдел 2008-09-25 Детски отдел 5.20 120000729463 ДХ 886.7/П 87 120000729463 5 2.66 Дост: Pk Вид: Ф N: 8933 Дата: 24.09.2008 Дата инв: 12.08.2015 Бележки инв: Д2015 Книги
  Не е изгубен Не е повреден без рестрикции заемане за дома 119621 Регионална библиотека "Любен Каравелов" Русе Регионална библиотека "Любен Каравелов" Русе Детски отдел 2008-09-25 Детски отдел 5.20 120000729464 ДХ 886.7/П 87 120000729464 6 2.66 Дост: Pk Вид: Ф N: 8933 Дата: 24.09.2008 Дата инв: 12.08.2015 Бележки инв: Д2015 Книги
Vip Innovations Ltd, Rousse, Bulgaria 2025